00470nam a2200169Ia 4500999001700000003000400017005001700021008004100038040000900079082001900088100002700107245003600134260005000170300000900220650002700229942004400256 c13983d13983OSt20201021105743.0190216s9999||||xx |||||||||||||| ||und|| coclc a821.914bDAR/I aDaruwalla, Bejan95369 0aI am The Sky /cBejan Daruwalla bHind Pocket Books Pvt Ltd,c1996.aNew Delhi: a109p aPoetry-English General cBK2ddch821.914iDAR/Ik821.914mDAR/I